Les stations de la ligne 12 du métro parisien - Mort subite - Statistiques

Statistiques générales
  • Ce quiz a été pris 193 fois
  • Le résultat moyen est 10 sur 18
Answers on the Grid
Answers color-coded by a green-red scale on the quiz's grid according to % correct below.
Notre-Dame-de-Lorette
Saint-Sulpice
Notre-Dame-des-Champs
Mabillon
Sèvres - Babylone
Sèvres - Lecourbe
Marx Dormoy
Marcel Sembat
Madeleine
Invalides
Concorde
Charles de Gaulle - Étoile
Pigalle
Place de Clichy
Corentin Celton
Corentin Cariou
Aimé Césaire
Aymé Césaire
Porte de la Chapelle
Porte d'Aubervilliers
Rue du Bac
Rue de la Pompe
Saint-Lazare
Bercy
Montparnasse - Bienvenüe
Gare d'Austerlitz
Porte de Versailles
Porte de Vanves
Trinité - d'Estienne d'Orves
Anvers
Vaugirard
Mouton-Duvernet
Jules Joffrin
Campo-Formio
Saint-Georges
Le Peletier
 
Statistiques - réponses
Réponse % Correct
Saint-Lazare
69%
Montparnasse - Bienvenüe
62%
Notre-Dame-de-Lorette
62%
Notre-Dame-des-Champs
60%
Pigalle
60%
Marx Dormoy
57%
Rue du Bac
57%
Trinité - d'Estienne d'Orves
55%
Porte de Versailles
54%
Concorde
53%
Jules Joffrin
53%
Madeleine
53%
Porte de la Chapelle
53%
Aimé Césaire
50%
Sèvres - Babylone
48%
Vaugirard
46%
Saint-Georges
43%
Corentin Celton
40%
Aucun quiz correspondant
Distribution des résultats
% des personnes avec chaque résultat
Percentile par nombre de réponses
Votre historique - résultats
Vous n’avez pas pris ce quiz